Party System in India : (Record no. 39734)
[ view plain ]
| 000 -LEADER | |
|---|---|
| fixed length control field | 01672nam a22002537a 4500 |
| 020 ## - INTERNATIONAL STANDARD BOOK NUMBER | |
| ISBN | 9781935501442 |
| 020 ## - INTERNATIONAL STANDARD BOOK NUMBER | |
| ISBN | 1935501445 |
| 041 ## - LANGUAGE CODE | |
| Language code of text/sound track or separate title | eng- |
| 082 ## - DEWEY DECIMAL CLASSIFICATION NUMBER | |
| Classification number | 324.254 |
| Item number | PAR- |
| 245 ## - TITLE STATEMENT | |
| Title | Party System in India : |
| Sub Title | Emerging Trajectories / |
| Statement of responsibility, etc | Edited by Ajay K. Mehra |
| 260 ## - PUBLICATION, DISTRIBUTION, ETC. (IMPRINT) | |
| Place of publication | New Delhi : |
| Name of publisher | Lancer Publishers & Distributors, |
| Year of publication | 2013. |
| 300 ## - PHYSICAL DESCRIPTION | |
| Number of Pages | 533p. |
| 504 ## - BIBLIOGRAPHY, ETC. NOTE | |
| Bibliography, etc | includes index |
| 520 ## - SUMMARY, ETC. | |
| Summary, etc | This volume attempts to capture the emerging trajectories of the party system in India in the second decade of the twenty-first century with seventeen essays written specially for this volume by scholars who met several times to discuss and formulate questions and critique each others drafts. Overall, the book provides an incisive and comprehensive analysis of the far-reaching changes that Indias political parties and party system are undergoing. It looks into the institutional dimensions, processes and agenda, federal manifestations, transitions (including generational change), and extraneous influences brought in by globalization, Indian diaspora, and the impact of new media technology. Constituting an important contribution to the ongoing debate on the Indian party system, this book will attract the attention of students of Indian politics, political science, democracy, party systems, and comparative politics. |
| 546 ## - LANGUAGE NOTE | |
| Language note | English. |
| 650 ## - SUBJECT ADDED ENTRY--TOPICAL TERM | |
| Topical Term | Political parties |
| Geographic subdivision | India |
| 650 ## - SUBJECT ADDED ENTRY--TOPICAL TERM | |
| Topical Term | Political science |
| General subdivision | Political parties |
| Geographic subdivision | India |
| 650 ## - SUBJECT ADDED ENTRY--TOPICAL TERM | |
| Topical Term | Democracy |
| Geographic subdivision | India |
| 650 ## - SUBJECT ADDED ENTRY--TOPICAL TERM | |
| Topical Term | India |
| General subdivision | Politics and government |
| 650 ## - SUBJECT ADDED ENTRY--TOPICAL TERM | |
| Topical Term | Coalition governments |
| Geographic subdivision | India |
| 650 ## - SUBJECT ADDED ENTRY--TOPICAL TERM | |
| Topical Term | Elections |
| Geographic subdivision | India |
| 700 ## - ADDED ENTRY--PERSONAL NAME | |
| Personal name | Mehra, Ajay K. |
| Relator term | editor. |
| 942 ## - ADDED ENTRY ELEMENTS (KOHA) | |
| Source of classification or shelving scheme | Dewey Decimal Classification |
| Koha item type | Books |
| Withdrawn status | Lost status | Damaged status | Not for loan | Home library | Current library | Date acquired | Source of acquisition | Cost, normal purchase price | Bill Date | Full call number | Accession Number | Price effective from | Koha item type |
|---|---|---|---|---|---|---|---|---|---|---|---|---|---|
| NASSDOC Library | NASSDOC Library | 28/03/2024 | Gratis | 995.00 | NA | 324.254 PAR- | 54780 | 28/03/2024 | Books |
